♫ Havana Lyrics - Camila Cabello feat. Young Thug ♫ - Statistics

General Stats
  • This quiz has been taken 1,154 times
  • The average score is 13 of 32
Answer Stats
Lyrical Line % Correct
{Havana}, ooh na-na
99%
Half of my {heart} is in Havana, ooh-na-na
98%
He took me back to {East} {Atlanta}, na-na-na
83%
There's somethin' 'bout his {manners}
72%
He didn't walk up with that "{how} {you} {doin'}"
71%
I had to go, oh {na}-{na}-{na}-{na}-{na}
64%
(When he came in the {room})
61%
Got me feelin' {like}
60%
I {loved} him when I left him
58%
He said there's a lot of {girls} I can do with
57%
He got me {feelin'} like
54%
Ooh... and then I had to {tell} {him}
50%
Ooh... I {knew} {it} when I met him
48%
(But I can't {without} you)
45%
I knew him {forever} in a minute
43%
And {papa} says he got malo in him
36%
Just {graduated}, fresh on campus, mmm
32%
(That summer night in {June})
32%
Oh, {but} my heart is in Havana
31%
{Fresh} out East Atlanta
28%
{Jeffery}
27%
Bump on her bumper like a {traffic} {jam}
20%
Fresh out East Atlanta with {no} {manners}, damn
20%
She waited {on} {me}
17%
If I cost a {million}, that's me
12%
This is {history} in the makin' on me
12%
Hey, I was {quick} to pay that girl like Uncle Sam
10%
Shawty cakin' on me, got the {bacon} on me
9%
Back it on me, shawty {cravin'} on me
7%
Point blank, {close} {range}, that B
6%
Get to {eatin'} on me
3%
I was gettin' mula, {pretty} baby
1%
No matching quizzes found
Score Distribution
Percent of People with Each Score
Percentile by Number Answered
Your Score History
You have not taken this quiz